| 000 | 00805nam a2200193 a 4500 | ||
|---|---|---|---|
| 001 | 000037500 | ||
| 005 | 20200930080410.0 | ||
| 008 | 120420s1984 dr 001 0 spa d | ||
| 020 | _a840005892 | ||
| 040 |
_aDO-SdBNP _bspa _cBNPHU |
||
| 100 | 1 |
_aUrquijo y Goitia, José Ramón de, _d1953- _963953 |
|
| 245 | 1 | 3 |
_aLa revolución de 1854 en Madrid / _cJosé Ramón de Urquijo y Goitia ; prólogo de Manuel Espadas Burgos. |
| 260 |
_aMadrid : _bConsejo Superior de Investigaciones Científicas. _bInstituto de Historia Jerónimo Zurita, _c1984. |
||
| 300 |
_aXXI, 594 p. : _bil., retrs. ; _c24 cm. |
||
| 500 | _aIncluye referencias bibliográficas y notas al pie de las páginas | ||
| 500 | _aIncluye índice | ||
| 700 | 1 |
_aEspadas Burgos, Manuel _epról. _915130 |
|
| 710 | 1 |
_aInstituto Jerónimo Zurita _963954 |
|
| 999 |
_c36990 _d36990 |
||